| 000 | 00820cam a2200277 a 4500 | ||
|---|---|---|---|
| 001 | 1559636 | ||
| 003 | 0 | ||
| 005 | 20170301114248.0 | ||
| 008 | 920430s1993 nyua b 001 0 eng | ||
| 010 | _a 92016974 | ||
| 020 | _a0024115614 | ||
| 020 | _a9780024115614 | ||
| 040 | _cSPU | ||
| 050 | 0 | 0 |
_aPE 1408 _b.S56 1993 |
| 100 | 1 |
_aSlattery, Patrick J., _d1959- |
|
| 245 | 1 | 0 |
_aReading, thinking, and writing with sources / _cPatrick J. Slattery, Susan R. Carlton. |
| 260 |
_aNew York : _bMacmillan, _cc1993. |
||
| 300 |
_axvi, 399 p. : _bill. ; _c24 cm. |
||
| 504 | _aIncludes bibliographical references and index. | ||
| 650 | 0 |
_aEnglish language _xRhetoric. |
|
| 650 | 0 | _aThought and thinking. | |
| 650 | 0 | _aCollege readers. | |
| 650 | 0 | _aReport writing. | |
| 700 | 1 | _aCarlton, Susan R. | |
| 942 |
_2lcc _cBK |
||
| 999 |
_c49065 _d49065 |
||